000 00219 a2200097 4500
001 33781
100 _aSibte Hasan
245 _aMazi ke Mazar [Urdu]
260 _aKarachi
_bMaktabh Danyal
_c2002
090 _c22435
_d22435
942 _aNUST-CAE
_cM
_c13820
999 _c268854
_d268854